Windows (Record no. 107825)

MARC details
000 -LEADER
fixed length control field 01218cam a22002655a 4500
001 - CONTROL NUMBER
control field L142011
008 - FIXED-LENGTH DATA ELEMENTS--GENERAL INFORMATION
fixed length control field 080121s2007 xxkao f 001 0 eng d
020 ## - INTERNATIONAL STANDARD BOOK NUMBER
International Standard Book Number 9781873394854
035 ## - SYSTEM CONTROL NUMBER
System control number (Sirsi) u142011
041 0# - LANGUAGE CODE
Language code of text/sound track or separate title eng
050 04 - LIBRARY OF CONGRESS CALL NUMBER
Classification number 721.8 $2 22
245 00 - TITLE STATEMENT
Title Windows
Remainder of title history, repair and conservation
260 ## - PUBLICATION, DISTRIBUTION, ETC.
Place of publication, distribution, etc. Shaftesbury
Name of publisher, distributor, etc. Donhead
Date of publication, distribution, etc. 2007
300 ## - PHYSICAL DESCRIPTION
Extent ix, 470p.
Other physical details ill.
Dimensions 26cm.
505 2# - FORMATTED CONTENTS NOTE
Formatted contents note History and development -- Policy -- Materials, repair and conservation
520 ## - SUMMARY, ETC.
Summary, etc. Examines the history of the window, including progress in glass technology. Presents an illustrated glossary of window types. Reviews relevant policy and legislation, discussing structural issues, decay mechanisms and current performance standards. Examines how these affect historic windows. Focuses on materials used in window construction, including leaded glazing. Covers techniques for repair and conservation.
521 2# - TARGET AUDIENCE NOTE
Target audience note Advanced
590 ## - LOCAL NOTE (RLIN)
Local note KA
651 #4 - SUBJECT ADDED ENTRY--GEOGRAPHIC NAME
Geographic name United Kingdom
Chronological subdivision
690 ## - LOCAL SUBJECT ADDED ENTRY--TOPICAL TERM (OCLC, RLIN)
Topical term or geographic name as entry element BUILT ENVIRONMENT-BUILDING ELEMENTS-PARTS OF BUILDING ELEMENTS-OPENINGS-WINDOWS
700 1# - ADDED ENTRY--PERSONAL NAME
Personal name Hirst, Elizabeth
Relator term Editor
700 1# - ADDED ENTRY--PERSONAL NAME
Personal name Pearce, Jill
Relator term Managing Editor
700 1# - ADDED ENTRY--PERSONAL NAME
Personal name Tutton, Michael
Relator term Editor
942 ## - ADDED ENTRY ELEMENTS (KOHA)
Suppress in OPAC 0
Holdings
Withdrawn status Lost status Source of classification or shelving scheme Damaged status Not for loan Home library Current library Shelving location Date acquired Cost, normal purchase price Total Checkouts Full call number Barcode Date last seen Date last checked out Copy number Cost, replacement price Price effective from Koha item type
    Dewey Decimal Classification     London London Books 25/01/2008 65.00 12 721.8 PEA 30072533 06/08/2019 30/10/2009 1 65.00 06/08/2019 Book